000
00312nam a22001457a 4500
008
210308b ||||| |||| 00| 0 eng d
020
_a
9781285436593
041
_a
eng
080
_a
82
082
_a
82
100
_a
22
101
_a
GJL
245
_a
Writing Analytically
_c
Rosenwasser, D
942
_2
udc
_c
BK
999
_c
55999
_d
55999